| 000 | 00779nam a2200217 4500 | ||
|---|---|---|---|
| 001 | 144045 | ||
| 003 | ES-MaACL | ||
| 005 | 20230906200930.0 | ||
| 007 | t| | ||
| 008 | 070214s1981 sp r ||||1| spa d | ||
| 100 | 1 |
_aSimón Vicente, Fernando. _9106556 |
|
| 245 | 1 | 0 |
_aCenurosis e hidatidosis _b: el perro como principal reservorio / _cF. Simón Vicente, V. Ramajo Martín. |
| 260 |
_aSalamanca : _bI. O. A. T. O., _c1981 ( _fEuropa) |
||
| 300 |
_a48 p., 6 lám. : _bil. ; _c25 cm. |
||
| 490 | 1 |
_aTemas de divulgación ; _v4 |
|
| 700 | 1 |
_aRamajo Martín, Vicente. _995063 |
|
| 710 | 2 |
_aInstituto de Orientación y Asistencia Técnica del Oeste. _94990 |
|
| 830 | 0 |
_aTemas de divulgación ; _v4 _9218706 |
|
| 852 |
_aES-MaACL _j2121-F-18 _bR.103203 |
||
| 999 |
_c144045 _d144045 |
||